000 00374nam a2200157Ia 4500
008 100122s9999 xx 000 0 und d
082 _b34575
_a609
100 _aHILL A
245 _aMEN AND MOCHINES
260 _bHEINEMANN EDUCATION BOOKS LTD
_c1905
300 _a92
630 _aMEN AND MOCHINES
700 _aAULT A
730 _aMEN AND MOCHINES
942 _cBOOK
999 _c370928
_d370925